00775nam a2200193 a 450000100100000000500170001000800410002702000180006804000250008604100080011110000520011924501360017126000550030730000350036250400310039770000310042895201050045999900170056400003960920201002033638.0130711s2007 xxu 001 0 spa d a9780226140599 aDO-SdBNPbspacBNPHU17aeng1 aGóngora y Argote, Luis de,d1561-1627.91564410aSelected poems y Luis de Góngora :ba bilingual edition /cLuis de Góngora y Argote ; edited and translated by John Dent-Young. aChicago :bThe university of chicago press,c2007. a270 p. :bil., mapas ;c24 cm. aBibliografía: p. 269-2701 aa Dent-Young, John.965781 001050718MOaGRbGRcCTd2013-07-11iLF1l0o p39609-10r2020-06-25w2020-06-25y1ZNo se presta c39099d39099